| 000 | 00471nam a2200193Ia 4500 | ||
|---|---|---|---|
| 005 | 20240823030531.0 | ||
| 008 | 240823s9999||||xx |||||||||||||| ||und|| | ||
| 020 | _a978-0-07-070249-3 | ||
| 041 | _aENGLISH | ||
| 082 | _A624.1 Q1 | ||
| 100 | _aWang C K | ||
| 245 | 0 | _aIntermediate Structural Analysis | |
| 250 | _a1st | ||
| 260 |
_c2011 _b"Tata Mcgraw Hill,New " |
||
| 500 | _aTRANSFERED | ||
| 650 |
_aStructural Analysis _bCivil |
||
| 942 | _cBK | ||
| 999 |
_c188924 _d188924 |
||